| 000 | 00835nam a2200265 a 4500 | ||
|---|---|---|---|
| 001 | BRL_840 | ||
| 005 | 20190320210923.0 | ||
| 008 | 161013s1985----mx-#######---#000-0#spa-# | ||
| 020 | _a9681618513 | ||
| 041 | _aspa | ||
| 044 | _amx | ||
| 050 | 4 |
_aPT3919.T7 _b.B73 1985 |
|
| 100 | 1 |
_aBaumann, Michael L. _925100 |
|
| 245 | 1 | 0 |
_aB. Traven _bUna introducción _cMichael L. Baumann ; Traducción de Juán José Utrilla. |
| 260 |
_aMéxico, D.F. _bFondo de Cultura Económica : SEP Cultura _c1985 |
||
| 300 |
_a292 p. _c21 cm. |
||
| 440 | 0 |
_aLecturas mexicanas _v70 _925101 |
|
| 500 | _aAu960 | ||
| 500 | _aIncluye índice de nombres y obras citadas | ||
| 504 | _aBibliografía: p. 266-277 | ||
| 600 | 1 | 4 |
_aTraven, B. _xCrítica e interpretación _925102 |
| 700 | 1 |
_aUtrilla, Juán José _etr. _9920 |
|
| 902 | _aGRL | ||
| 942 |
_2lcc _cB |
||
| 999 |
_c9652 _d9652 |
||